سحر ہونے تک / (Record no. 195971)

MARC details
000 -LEADER
fixed length control field 00587nam a22001937a 4500
005 - DATE AND TIME OF LATEST TRANSACTION
control field 20230515115128.0
010 ## - LCCN (DPL NO)
LC control number UR-11990
020 ## - INTERNATIONAL STANDARD BOOK NUMBER
International Standard Book Number 9788186346242
Terms of availability 200.00
035 ## - SYSTEM CONTROL NUMBER
System control number U-10545
037 ## - SOURCE OF ACQUISITION
Source of stock number/acquisition DBAD/PUB
082 ## - DEWEY DECIMAL CLASSIFICATION NUMBER
Classification number 841
100 ## - MAIN ENTRY--PERSONAL NAME
Personal name آغا جانی کشمیری
245 ## - TITLE STATEMENT
Title سحر ہونے تک /
Statement of responsibility, etc آغا جانی کشمیری
246 ## - VARYING FORM OF TITLE
Title proper/short title Sahr Hone Tak /
Remainder of title by Aagha Jani Kashmiri
260 ## - PUBLICATION, DISTRIBUTION, ETC. (IMPRINT)
Place of publication, distribution, etc Kolkata
Name of publisher, distributor, etc Insha Publications
Date of publication, distribution, etc 2013 ء
270 ## - ADDRESS
Address 25B, Zakaria Street
City Kolkata
Postal code 700073
300 ## - PHYSICAL DESCRIPTION
Extent 287 ص
Dimensions 19cm(Hb)
942 ## - ADDED ENTRY ELEMENTS (KOHA)
Source of classification or shelving scheme Dewey Decimal Classification
Item type Urdu Bks
Classification part 841
Call number suffix آ غ ا
Holdings
Withdrawn status Lost status Not for loan Collection code Home library Current library Date acquired Source of acquisition Cost, normal purchase price Full call number Barcode Copy number Cost, replacement price Koha item type
      Non-fiction Shahdara Branch Shahdara Branch 15/05/2023 DBAD/PUB 200.00 841 آ غ ا U-10545 1 200.00 Urdu Bks

© Delhi Public Library
Hit Counter
free hit counter